Statistics for Biggest NHL Cities by Population

Click here to take the quiz!

General Stats

  • This quiz has been taken 129 times
  • The average score is 9 of 28

Answer Stats

Rank Answer % Correct
1New York
99%
2Los Angeles
94%
3Chicago
85%
4Dallas
67%
6Toronto
47%
5Philadelphia
43%
7Miami
34%
9Boston
34%
8Washington
30%
10Detroit
27%
28Winnipeg
25%
11Phoenix
25%
12San Jose
22%
13Montreal
22%
24Calgary
21%
17Denver
20%
14St Paul
19%
26Edmonton
19%
27Buffalo
18%
19Vancouver
18%
15St Louis
17%
16Tampa
16%
25Ottawa
15%
18Pittsburgh
15%
23Nashville
14%
21Columbus
14%
20Las Vegas
14%
22Raleigh
12%

Score Distribution

Percentile by Number Answered

Percent of People with Each Score

Your Score History

You have not taken this quiz